| 000 | 00789cam a2200205 a 4500 | ||
|---|---|---|---|
| 001 | 000018496 | ||
| 005 | 20200929165820.0 | ||
| 008 | 810512s1972 ve 000 0 spa d | ||
| 040 |
_aDO-SdBNP _bspa _cLC _dBNPHU |
||
| 082 |
_a928 _bP372e |
||
| 245 | 0 | 0 |
_aPedro Emilio Coll : _bla vida literaria / _cPedro Emilio Coll ; compilación y notas Rafael Ángel Insausti. |
| 260 |
_aCaracas : _bCongreso de la República y de la Asociación de Escritores Venezolanos, _c1972. |
||
| 300 |
_a134 p. ; _c20 cm. |
||
| 600 | 1 | 4 |
_aCOLL, PEDRO EMILIO, _d1872-1947 _xBIOGRAFÍA _940012 |
| 650 | 4 |
_aAutores venezolanos _xBiografía _940013 |
|
| 650 | 4 |
_aLiteratura venezolana _xHistoria y crítica _98073 |
|
| 700 | 1 |
_aInsausti, Rafael Ángel. _940014 |
|
| 910 | _aCatalogación derivada / LC | ||
| 049 | _aBNGR | ||
| 999 |
_c18016 _d18016 |
||